000 00455nam a2200121Ia 4500
008 220620s9999||||xx |||||||||||||| ||und||
100 _aMohammad Shamsuzzoha
245 0 _aPID Control for Industrial Processes
546 _aEnglish[eng]
650 _aEngineering||Physical Sciences||Engineering and Technology||Industrial Control System||Control Engineering
856 _uhttps://www.intechopen.com/books/pid-control-for-industrial-processes
942 _cEB
999 _c23275
_d23275